[Event "EU-ch (Men) 11th"]
[Site "Rijeka"]
[Date "2010.03.09"]
[Round "4.30"]
[White "Almasi, Zoltan"]
[Black "Sanikidze, Tornike"]
[Result "1-0"]
[WhiteElo "2720"]
[BlackElo "2566"]
[PlyCount "115"]
[EventDate "2010.03.06"]
[EventType "swiss"]
[EventRounds "11"]
[EventCountry "CRO"]
[SourceDate "2010.03.06"]

1. e4 c5 2. Nf3 d6 3. d4 cxd4 4. Nxd4 Nf6 5. Nc3 Nc6 6. Bg5 e6 7. Qd2 Be7 8.
O-O-O O-O 9. f4 Nxd4 10. Qxd4 Qa5 11. Kb1 Rd8 12. h4 h6 13. Bd3 e5 14. Qf2 exf4
15. Qxf4 Qe5 16. Qxe5 dxe5 17. Bxf6 Bxf6 18. Nd5 Bg4 19. Rdf1 Rd6 20. Bc4 Kf8
21. Bb3 Rad8 22. Ne3 Be6 23. Bd5 Bxd5 24. Nxd5 Rc8 25. b3 Bd8 26. h5 Bg5 27.
Rh3 b5 28. Rhf3 f6 29. Rd3 Kf7 30. c3 a5 31. Kb2 a4 32. g4 Ra8 33. Rfd1 Ra7 34.
Nb4 Rxd3 35. Rxd3 axb3 36. axb3 Rb7 37. Rd5 g6 38. Nc6 Kg7 39. Nd8 Re7 40. Rxb5
gxh5 41. gxh5 f5 42. Rb7 Rxb7 43. Nxb7 fxe4 44. Kc2 Be7 45. Kd2 Kf6 46. Ke3 Kf5
47. b4 Kg4 48. Na5 Kxh5 49. Nc6 Bd6 50. c4 Kg4 51. Kxe4 h5 52. c5 Bf8 53. Nxe5+
Kg3 54. Ng6 h4 55. Nxh4 Kxh4 56. Kd5 Bh6 57. c6 Bf4 58. b5 1-0

[Event "EU-ch (Men) 11th"]
[Site "Rijeka"]
[Date "2010.03.09"]
[Round "4.31"]
[White "Nevednichy, Vladislav"]
[Black "Bacrot, Etienne"]
[Result "1/2-1/2"]
[WhiteElo "2572"]
[BlackElo "2714"]
[PlyCount "73"]
[EventDate "2010.03.06"]
[EventType "swiss"]
[EventRounds "11"]
[EventCountry "CRO"]
[SourceDate "2010.03.06"]

1. e4 c5 2. Nf3 Nc6 3. Bb5 g6 4. Bxc6 bxc6 5. O-O Bg7 6. c3 Nh6 7. d4 Qb6 8. h3
O-O 9. b3 cxd4 10. cxd4 f6 11. Nc3 d6 12. Re1 g5 13. Na4 Qb5 14. Nh2 Nf7 15.
Ng4 f5 16. exf5 Qxf5 17. Rxe7 h5 18. Nh2 g4 19. hxg4 hxg4 20. Nc3 Be6 21. Be3
Qf6 22. Rxe6 Qxe6 23. Qxg4 Qxg4 24. Nxg4 Nd8 25. Rc1 a5 26. Ne4 a4 27. Nxd6
axb3 28. axb3 Ne6 29. Rxc6 Nxd4 30. Rc4 Nxb3 31. g3 Rad8 32. Ne4 Rc8 33. Rb4
Rb8 34. Ra4 Ra8 35. Rb4 Rab8 36. Ra4 Ra8 37. Rb4 1/2-1/2

[Event "EU-ch (Men) 11th"]
[Site "Rijeka"]
[Date "2010.03.09"]
[Round "4.32"]
[White "Sedlak, Nikola"]
[Black "Navara, David"]
[Result "1/2-1/2"]
[WhiteElo "2570"]
[BlackElo "2708"]
[PlyCount "86"]
[EventDate "2010.03.06"]
[EventType "swiss"]
[EventRounds "11"]
[EventCountry "CRO"]
[SourceDate "2010.03.06"]

1. e4 e5 2. Nf3 Nc6 3. Bb5 a6 4. Ba4 Nf6 5. O-O Be7 6. Re1 b5 7. Bb3 O-O 8. a4
b4 9. d3 d6 10. Nbd2 Na5 11. Ba2 Be6 12. Bxe6 fxe6 13. d4 exd4 14. Nxd4 Qd7 15.
Nf1 c5 16. Nf3 Nc6 17. Ng3 Ng4 18. e5 d5 19. h3 Nxf2 20. Qe2 Ne4 21. Nxe4 dxe4
22. Qxe4 Nd4 23. Ng5 Nf5 24. c3 h6 25. Nf3 bxc3 26. bxc3 c4 27. Bf4 Qd3 28.
Rad1 Qxe4 29. Rxe4 g5 30. Bd2 Rad8 31. Kh2 Bc5 32. Rxc4 Be3 33. Rc6 Bf4+ 34.
Kg1 Be3+ 35. Kh2 Bf4+ 36. Kg1 Rd3 37. Rxe6 Rfd8 38. Rf1 Rxd2 39. Nxd2 Rxd2 40.
Rg6+ Kh7 41. Rxa6 Ne3 42. Rb1 Rxg2+ 43. Kh1 Rh2+ 1/2-1/2

[Event "EU-ch (Men) 11th"]
[Site "Rijeka"]
[Date "2010.03.09"]
[Round "4.34"]
[White "Alekseev, Evgeny"]
[Black "Evdokimov, Alexander A"]
[Result "1-0"]
[WhiteElo "2700"]
[BlackElo "2564"]
[PlyCount "119"]
[EventDate "2010.03.06"]
[EventType "swiss"]
[EventRounds "11"]
[EventCountry "CRO"]
[SourceDate "2010.03.06"]

1. e4 c5 2. Nf3 Nc6 3. d4 cxd4 4. Nxd4 g6 5. c4 Nf6 6. Nc3 Nxd4 7. Qxd4 d6 8.
Be3 Bg7 9. f3 O-O 10. Qd2 Be6 11. Rc1 Qa5 12. b3 Rfc8 13. Nb5 Qxd2+ 14. Kxd2 a6
15. Nd4 Bd7 16. Bd3 h5 17. Rc2 Be8 18. Ne2 Bc6 19. Rhc1 Kf8 20. Ke1 Nd7 21. Nc3
Be5 22. g3 Bg7 23. Be2 e6 24. Kf2 Bf6 25. h4 Be5 26. Bf1 Ke7 27. Nd5+ Ke8 28.
Nb4 Bf6 29. Rd1 a5 30. Nxc6 Rxc6 31. c5 Ke7 32. cxd6+ Rxd6 33. Rxd6 Kxd6 34.
Bb5 Rd8 35. Ke2 Ba1 36. Bg5 f6 37. Bd2 Ra8 38. Be3 Rd8 39. f4 e5 40. Rd2+ Ke7
41. Rc2 Kd6 42. Bd2 Ra8 43. b4 Bd4 44. bxa5 Nc5 45. Bb4 Rc8 46. a4 Ra8 47. Kf3
Bg1 48. Rg2 Bd4 49. g4 hxg4+ 50. Rxg4 Rg8 51. f5 g5 52. hxg5 fxg5 53. Rg2 Kc7
54. Rc2 g4+ 55. Kg3 b6 56. a6 Be3 57. Bxc5 bxc5 58. Bc4 Bf4+ 59. Kh4 Rg7 60.
Rb2 1-0

[Event "EU-ch (Men) 11th"]
[Site "Rijeka"]
[Date "2010.03.09"]
[Round "4.36"]
[White "Volokitin, Andrei"]
[Black "Maslak, Konstantin"]
[Result "1-0"]
[WhiteElo "2687"]
[BlackElo "2560"]
[PlyCount "47"]
[EventDate "2010.03.06"]
[EventType "swiss"]
[EventRounds "11"]
[EventCountry "CRO"]
[SourceDate "2010.03.06"]

1. e4 e5 2. Nf3 Nf6 3. d4 Nxe4 4. Bd3 d5 5. Nxe5 Nd7 6. Nxd7 Bxd7 7. O-O Bd6 8.
c4 c6 9. cxd5 cxd5 10. Nc3 Nxc3 11. bxc3 O-O 12. Qh5 g6 13. Qxd5 Qc7 14. c4 Be6
15. Qf3 Bxc4 16. Bh6 Rfc8 17. Rfc1 b5 18. a4 Qd8 19. axb5 Bxd3 20. Rxc8 Rxc8
21. Qxd3 Qd7 22. g3 Rb8 23. Rc1 Rxb5 24. Qxb5 1-0

[Event "EU-ch (Men) 11th"]
[Site "Rijeka"]
[Date "2010.03.09"]
[Round "4.38"]
[White "Solak, Dragan"]
[Black "Georgiev, Kiril"]
[Result "0-1"]
[WhiteElo "2553"]
[BlackElo "2669"]
[PlyCount "86"]
[EventDate "2010.03.06"]
[EventType "swiss"]
[EventRounds "11"]
[EventCountry "CRO"]
[SourceDate "2010.03.06"]

1. e4 e5 2. Nf3 Nc6 3. Bb5 Nf6 4. d3 Bc5 5. Bxc6 dxc6 6. Be3 Bd6 7. O-O c5 8.
Nbd2 Bg4 9. h3 Bh5 10. Qe1 Nd7 11. Nh2 O-O 12. g4 Bg6 13. Kh1 Nb8 14. Rg1 Nc6
15. Rg2 Nd4 16. Bxd4 cxd4 17. f4 exf4 18. Nhf3 c5 19. Nh4 Re8 20. Ndf3 Rc8 21.
Nf5 f6 22. Qh4 Bf8 23. Rag1 Rc6 24. a4 a6 25. Qf2 c4 26. h4 h6 27. N3xd4 Rc7
28. Qxf4 Rd7 29. h5 Bxf5 30. Nxf5 cxd3 31. cxd3 Rxd3 32. Rg3 Qd7 33. b3 b6 34.
Kh2 Bc5 35. R1g2 Re5 36. g5 hxg5 37. Rxg5 fxg5 38. Qxe5 Bd6 39. Nxd6 Qh3+ 40.
Kg1 Rd1+ 41. Kf2 Rd2+ 42. Ke1 Qe3+ 43. Kf1 Rd1# 0-1

[Event "EU-ch (Men) 11th"]
[Site "Rijeka"]
[Date "2010.03.09"]
[Round "4.39"]
[White "Najer, Evgeniy"]
[Black "Parligras, Mircea"]
[Result "1/2-1/2"]
[WhiteElo "2665"]
[BlackElo "2551"]
[PlyCount "92"]
[EventDate "2010.03.06"]
[EventType "swiss"]
[EventRounds "11"]
[EventCountry "CRO"]
[SourceDate "2010.03.06"]

1. d4 Nf6 2. c4 e6 3. Nf3 b6 4. g3 Ba6 5. Qc2 Bb4+ 6. Bd2 Be7 7. e4 d5 8. cxd5
Bxf1 9. Kxf1 exd5 10. e5 Ne4 11. Nc3 Nxd2+ 12. Nxd2 Qd7 13. f4 c5 14. Nf3 Nc6
15. Rd1 c4 16. h4 Nb4 17. Qg2 Nd3 18. Ne1 Nxe1 19. Rxe1 O-O-O 20. g4 h5 21. g5
Bb4 22. Qh3 g6 23. Kg2 Rhe8 24. Qxd7+ Rxd7 25. Rhf1 b5 26. f5 gxf5 27. Rxf5 a5
28. Ref1 Bxc3 29. bxc3 Ree7 30. a3 Rb7 31. Rf6 b4 32. axb4 axb4 33. cxb4 Rxb4
34. Rc6+ Kb7 35. Rc5 Rd7 36. g6 Rb2+ 37. Kg3 Rb3+ 38. Kf4 fxg6 39. Kg5 Rb6 40.
Rf6 Rc7 41. Rxc7+ Kxc7 42. Rxb6 Kxb6 43. e6 c3 44. e7 c2 45. e8=Q c1=Q+ 46.
Kxg6 Qg1+ 1/2-1/2

[Event "EU-ch (Men) 11th"]
[Site "Rijeka"]
[Date "2010.03.09"]
[Round "4.40"]
[White "Jovanic, Ognjen"]
[Black "Korobov, Anton"]
[Result "0-1"]
[WhiteElo "2538"]
[BlackElo "2663"]
[PlyCount "84"]
[EventDate "2010.03.06"]
[EventType "swiss"]
[EventRounds "11"]
[EventCountry "CRO"]
[SourceDate "2010.03.06"]

1. d4 Nf6 2. c4 e6 3. Nf3 b6 4. a3 Ba6 5. Qb3 d5 6. cxd5 exd5 7. Nc3 Be7 8. Bg5
c6 9. Bxf6 Bxf6 10. e4 Bxf1 11. Rxf1 dxe4 12. Nxe4 O-O 13. O-O-O Nd7 14. Kb1
Qc7 15. Qc2 Rac8 16. Rfe1 Qf4 17. Re3 c5 18. g3 Qf5 19. d5 Bd4 20. Nd6 Qxc2+
21. Kxc2 Bxe3 22. Nxc8 Rxc8 23. fxe3 Re8 24. Rd3 f5 25. b4 c4 26. Rc3 b5 27. a4
bxa4 28. Rxc4 Nb6 29. Rc7 Rxe3 30. Ng5 h6 31. Ne6 Nxd5 32. Rxg7+ Kh8 33. Rg6
Nxb4+ 34. Kd2 Rd3+ 35. Ke2 a3 36. Rf6 a2 37. Rf8+ Kh7 38. Rf7+ Kg6 39. Rxa7 Rb3
40. Nf8+ Kf6 41. Nd7+ Kg5 42. Ra8 Kg4 0-1

[Event "EU-ch (Men) 11th"]
[Site "Rijeka"]
[Date "2010.03.09"]
[Round "4.41"]
[White "Narciso Dublan, Marc"]
[Black "Berkes, Ferenc"]
[Result "0-1"]
[WhiteElo "2530"]
[BlackElo "2659"]
[PlyCount "104"]
[EventDate "2010.03.06"]
[EventType "swiss"]
[EventRounds "11"]
[EventCountry "CRO"]
[SourceDate "2010.03.06"]

1. c4 Nf6 2. Nc3 e5 3. Nf3 Nc6 4. e4 d6 5. h3 g6 6. g3 Bg7 7. d3 O-O 8. Bg2 Nd7
9. Bg5 f6 10. Be3 f5 11. exf5 gxf5 12. Bg5 Nf6 13. Qd2 Be6 14. O-O-O Qd7 15.
Bh6 Kh8 16. Bxg7+ Qxg7 17. Ng5 Bg8 18. g4 f4 19. Nge4 Nd7 20. Rdg1 Nd4 21. Qd1
Rab8 22. g5 b5 23. Bf1 Rb6 24. Qh5 Rc6 25. Kb1 Bf7 26. Qg4 Be6 27. Qd1 Rb8 28.
h4 bxc4 29. dxc4 Bxc4 30. Bxc4 Rxc4 31. f3 c6 32. Ka1 d5 33. Nf6 Nxf6 34. gxf6
Qxf6 35. Rg2 Nf5 36. Qd3 Ng3 37. Re1 Rcb4 38. a3 Rb3 39. Qa6 d4 40. Na4 Rxf3
41. Qxa7 Rg8 42. Nc5 Re3 43. Reg1 d3 44. Rd2 e4 45. Nd7 Qd6 46. Nb6 Qd4 47. Qf7
Re2 48. Rgd1 Rxd2 49. Rxd2 Ne2 50. Ka2 e3 51. Rd1 d2 52. h5 Nc1+ 0-1

[Event "EU-ch (Men) 11th"]
[Site "Rijeka"]
[Date "2010.03.09"]
[Round "4.42"]
[White "Gdanski, Jacek"]
[Black "Beliavsky, Alexander G"]
[Result "1-0"]
[WhiteElo "2527"]
[BlackElo "2657"]
[PlyCount "95"]
[EventDate "2010.03.06"]
[EventType "swiss"]
[EventRounds "11"]
[EventCountry "CRO"]
[SourceDate "2010.03.06"]

1. e4 e5 2. Nf3 Nc6 3. Bc4 Nf6 4. Ng5 d5 5. exd5 Na5 6. Bb5+ c6 7. dxc6 bxc6 8.
Be2 h6 9. Nh3 g5 10. d3 Bg7 11. Nc3 O-O 12. Ng1 Nd5 13. h4 f5 14. hxg5 hxg5 15.
Nf3 g4 16. Nd2 g3 17. Nb3 gxf2+ 18. Kxf2 e4 19. Nxd5 cxd5 20. Bf4 Nc6 21. d4
Qb6 22. c3 Ne5 23. Qd2 Ng6 24. Rh3 a5 25. Rah1 Ra7 26. g3 Re7 27. Ke3 Ba6 28.
Nc5 Bxe2 29. Qxe2 Rc8 30. Qa6 Qxa6 31. Nxa6 Rb7 32. R1h2 Bf8 33. Rh5 Rc6 34.
Rxf5 Rxa6 35. Rxd5 a4 36. Kxe4 Rc6 37. Kd3 Rf7 38. Ra5 a3 39. b4 Nxf4+ 40. gxf4
Rxf4 41. Rh3 Bxb4 42. cxb4 Rd6 43. Kc3 Rdxd4 44. Ra4 Rd1 45. Rxa3 Rc1+ 46. Kb2
Rc8 47. Rag3+ Kf7 48. Rf3 1-0

[Event "EU-ch (Men) 11th"]
[Site "Rijeka"]
[Date "2010.03.09"]
[Round "4.43"]
[White "Roiz, Michael"]
[Black "Holzke, Frank"]
[Result "1-0"]
[WhiteElo "2652"]
[BlackElo "2526"]
[PlyCount "83"]
[EventDate "2010.03.06"]
[EventType "swiss"]
[EventRounds "11"]
[EventCountry "CRO"]
[SourceDate "2010.03.06"]

1. c4 c6 2. Nf3 d5 3. e3 Nf6 4. Nc3 Bg4 5. cxd5 Bxf3 6. Qxf3 cxd5 7. Bb5+ Nc6
8. Bxc6+ bxc6 9. b3 e6 10. O-O Bb4 11. Na4 O-O 12. d3 Qe7 13. Bb2 Ba3 14. Bxa3
Qxa3 15. Rfc1 Nd7 16. d4 Nb6 17. Nc5 a5 18. Qd1 a4 19. Qe1 axb3 20. axb3 Qb2
21. h3 Rxa1 22. Rxa1 h6 23. Ra6 Nc8 24. Ra8 Kh7 25. g3 Rg8 26. Qa5 Ne7 27. Rxg8
Nxg8 28. Qc7 Qb1+ 29. Kg2 Qf5 30. Qxc6 Ne7 31. Qb5 e5 32. dxe5 Qxe5 33. b4 g6
34. Qd3 Qd6 35. Qa6 Qe5 36. Qd3 Qd6 37. Kg1 h5 38. h4 Nf5 39. Kg2 Qe5 40. Nb3
Qb2 41. Nd4 Nd6 42. Qb3 1-0

[Event "EU-ch (Men) 11th"]
[Site "Rijeka"]
[Date "2010.03.09"]
[Round "4.44"]
[White "Jovanovic, Zoran"]
[Black "Savchenko, Boris"]
[Result "1/2-1/2"]
[WhiteElo "2526"]
[BlackElo "2652"]
[PlyCount "153"]
[EventDate "2010.03.06"]
[EventType "swiss"]
[EventRounds "11"]
[EventCountry "CRO"]
[SourceDate "2010.03.06"]

1. e4 c5 2. Nf3 Nc6 3. Bb5 e6 4. O-O Nge7 5. b3 Qb6 6. Na3 a6 7. Bxc6 Nxc6 8.
Bb2 Qc7 9. c4 b6 10. Nc2 Bb7 11. Qe2 h5 12. d4 cxd4 13. Ncxd4 h4 14. h3 Ne7 15.
Rad1 Ng6 16. a3 Rh5 17. Rfe1 O-O-O 18. b4 Kb8 19. Nb3 f5 20. Ne5 Rg5 21. Nxg6
Rxg6 22. Qh5 Rh6 23. Qg5 Rc8 24. exf5 exf5 25. c5 Qc6 26. f3 Qa4 27. Rd3 bxc5
28. Nxc5 Bxc5+ 29. bxc5 Qb5 30. Rd2 Qxc5+ 31. Bd4 Qxa3 32. Bf2 Re6 33. Qf4+ Rc7
34. Rxe6 dxe6 35. Bb6 Qc1+ 36. Kh2 Bd5 37. Qd6 Qc6 38. Qb4 Rb7 39. Qf8+ Qc8 40.
Qd6+ Ka8 41. Bf2 Qb8 42. Qxb8+ Kxb8 43. Bxh4 a5 44. Bg3+ Kc8 45. Rc2+ Kd8 46.
Be5 a4 47. Rc3 Bb3 48. Rc6 Ra7 49. Rb6 g6 50. Kg3 Bd5 51. Kf4 a3 52. Rb1 a2 53.
Ra1 Ke7 54. Kg5 Kf7 55. Rc1 Bb3 56. h4 Ba4 57. Bd4 Re7 58. Be5 Rd7 59. Rc4 Ra7
60. Rc1 Bb5 61. Rd1 Be2 62. Re1 Bd3 63. Rc1 Rd7 64. Rd1 Rd5 65. f4 Ke8 66. Ba1
Kf7 67. Rd2 Bc4 68. Rc2 Rc5 69. Rc1 Rc6 70. Rc3 Rc7 71. Rc2 Rc8 72. g3 Rc5 73.
Rc3 Rc7 74. Rc2 Rc8 75. Be5 Rc6 76. Rb2 Rc7 77. Rxa2 1/2-1/2

[Event "EU-ch (Men) 11th"]
[Site "Rijeka"]
[Date "2010.03.09"]
[Round "4.45"]
[White "Oleksienko, Michailo"]
[Black "Smirin, Ilia"]
[Result "1-0"]
[WhiteElo "2525"]
[BlackElo "2647"]
[PlyCount "85"]
[EventDate "2010.03.06"]
[EventType "swiss"]
[EventRounds "11"]
[EventCountry "CRO"]
[SourceDate "2010.03.06"]

1. e4 c5 2. Nf3 d6 3. d4 cxd4 4. Nxd4 Nf6 5. Nc3 Nc6 6. f3 e5 7. Nb3 Be7 8. Be3
Be6 9. Qe2 O-O 10. O-O-O Rc8 11. Kb1 a6 12. g4 b5 13. g5 Nh5 14. Qd2 Nd4 15.
Nxd4 exd4 16. Qxd4 Bxg5 17. Bxg5 Qxg5 18. Rg1 Qc5 19. Qxc5 dxc5 20. a4 bxa4 21.
Nxa4 c4 22. Rg5 Nf4 23. Ra5 Rc6 24. Rc5 Rxc5 25. Nxc5 Rc8 26. Nxe6 Nxe6 27. Rd6
a5 28. Rd5 a4 29. c3 Kf8 30. Kc2 a3 31. bxa3 Ra8 32. Bxc4 Rxa3 33. Rd7 Ra1 34.
Bxe6 fxe6 35. c4 Ra3 36. c5 Rxf3 37. c6 Ke8 38. Rxg7 Kd8 39. Rxh7 Re3 40. h4
Rxe4 41. Kd3 Rf4 42. h5 Rh4 43. h6 1-0

[Event "EU-ch (Men) 11th"]
[Site "Rijeka"]
[Date "2010.03.09"]
[Round "4.46"]
[White "Postny, Evgeny"]
[Black "Anisimov, Pavel"]
[Result "1/2-1/2"]
[WhiteElo "2641"]
[BlackElo "2519"]
[PlyCount "83"]
[EventDate "2010.03.06"]
[EventType "swiss"]
[EventRounds "11"]
[EventCountry "CRO"]
[SourceDate "2010.03.06"]

1. d4 Nf6 2. c4 e6 3. g3 c5 4. d5 exd5 5. cxd5 b5 6. e4 Nxe4 7. Qe2 Qe7 8. Bg2
f5 9. Nh3 b4 10. d6 Qxd6 11. Nd2 Be7 12. Nxe4 fxe4 13. Bxe4 Ba6 14. Bf4 Qf6 15.
Qc2 Nc6 16. O-O-O O-O-O 17. Bg5 Qe6 18. Bxe7 Qxe7 19. Nf4 b3 20. axb3 Nb4 21.
Nd5 Qg5+ 22. Qd2 Qxd2+ 23. Rxd2 Nxd5 24. Rxd5 d6 25. Rg5 g6 26. h4 Rhf8 27. f4
Bb7 28. Bxb7+ Kxb7 29. h5 Rf5 30. hxg6 Rxg5 31. Rxh7+ Kc6 32. fxg5 Rg8 33. g7
Kd5 34. Kd2 Ke4 35. b4 cxb4 36. Rh4+ Ke5 37. Rxb4 Rxg7 38. Rg4 Kf5 39. Rf4+ Ke5
40. Rg4 Kf5 41. Ra4 Ke5 42. Rg4 1/2-1/2

[Event "EU-ch (Men) 11th"]
[Site "Rijeka"]
[Date "2010.03.09"]
[Round "4.47"]
[White "Gasanov, Eldar"]
[Black "Predojevic, Borki"]
[Result "0-1"]
[WhiteElo "2514"]
[BlackElo "2639"]
[PlyCount "160"]
[EventDate "2010.03.06"]
[EventType "swiss"]
[EventRounds "11"]
[EventCountry "CRO"]
[SourceDate "2010.03.06"]

1. d4 d5 2. c4 c6 3. Nf3 Nf6 4. Nc3 dxc4 5. a4 Bf5 6. Nh4 e6 7. Nxf5 exf5 8. e3
Bb4 9. Bxc4 O-O 10. Qc2 g6 11. O-O Nbd7 12. f3 Qb6 13. Kh1 c5 14. Na2 Ba5 15.
dxc5 Qxc5 16. b4 Bxb4 17. Qb3 Nb6 18. Bd3 Ba5 19. Bb2 Qd5 20. Qa3 Qe6 21. Rad1
Rac8 22. Ba1 Rfd8 23. Qb2 Nbd5 24. Rc1 Rxc1 25. Rxc1 Qxe3 26. Bc4 Bc7 27. Bf1
Qb6 28. Qc2 Re8 29. Bb5 Re7 30. Nc3 Nxc3 31. Qxc3 Be5 32. Qa3 Qd8 33. Re1 Bd6
34. Qc3 Rxe1+ 35. Qxe1 Bf8 36. Bc4 Bg7 37. Bxf6 Bxf6 38. Qb1 Kg7 39. Bf1 b6 40.
Qc2 Qd4 41. Qc4 Qf2 42. Qe2 Qh4 43. Qc4 f4 44. Qc1 Qf2 45. Bb5 Bb2 46. Qd1 Bd4
47. Qc1 Qe3 48. Qd1 Bc5 49. Qa1+ Qd4 50. Qxd4+ Bxd4 51. g3 fxg3 52. hxg3 Kf6
53. Bc4 h5 54. f4 Bf2 55. Kg2 Be1 56. Kf3 Ke7 57. Bd3 Kf8 58. Be4 Kg7 59. Bc6
f6 60. Be8 Kh6 61. Bf7 g5 62. fxg5+ fxg5 63. Be8 g4+ 64. Kg2 Kg5 65. Bf7 h4 66.
gxh4+ Bxh4 67. Be6 Kf4 68. Bc8 Be7 69. Bd7 Bd6 70. Kf1 Kf3 71. Bc8 g3 72. Bb7+
Ke3 73. Bc6 Kd2 74. Kg2 Kc3 75. Kf3 Kb4 76. Ke3 a6 77. Kd3 b5 78. axb5 axb5 79.
Bd5 Ka3 80. Kc2 b4 0-1

[Event "EU-ch (Men) 11th"]
[Site "Rijeka"]
[Date "2010.03.09"]
[Round "4.48"]
[White "Ter Sahakyan, Samvel"]
[Black "Kobalia, Mihail"]
[Result "1-0"]
[WhiteElo "2513"]
[BlackElo "2637"]
[PlyCount "101"]
[EventDate "2010.03.06"]
[EventType "swiss"]
[EventRounds "11"]
[EventCountry "CRO"]
[SourceDate "2010.03.06"]

1. e4 c5 2. Nf3 e6 3. d4 cxd4 4. Nxd4 a6 5. Bd3 Ne7 6. Nc3 b5 7. f4 Nec6 8. Nb3
Be7 9. Be3 d6 10. Qf3 Qc7 11. O-O-O Nd7 12. g4 Bb7 13. Qh3 Nb4 14. Kb1 Nc5 15.
Nxc5 dxc5 16. Be2 Nxc2 17. Kxc2 b4 18. Nd5 exd5 19. exd5 c4 20. Bf3 b3+ 21.
axb3 cxb3+ 22. Kxb3 O-O 23. Ka2 Rab8 24. Qg2 Bd6 25. Qd2 a5 26. Rc1 Qd7 27. Bc5
Qa4+ 28. Kb1 Rfd8 29. Bxd6 Rxd6 30. Rhd1 Rb6 31. Rc2 Ba6 32. Be2 Rb3 33. Qd4
R3b4 34. Qe5 Re8 35. Qxe8+ Qxe8 36. Bxa6 Rb8 37. d6 Qd7 38. f5 h5 39. h3 Ra8
40. Be2 Ra7 41. Rd5 Rb7 42. g5 g6 43. Rcc5 gxf5 44. Bb5 Rxb5 45. Rxb5 f4 46.
Rb3 Kg7 47. Rf3 h4 48. Rxf4 Qxh3 49. Rfd4 Qd7 50. Rxh4 f6 51. Rf4 1-0

[Event "EU-ch (Men) 11th"]
[Site "Rijeka"]
[Date "2010.03.09"]
[Round "4.49"]
[White "Socko, Bartosz"]
[Black "Mastrovasilis, Athanasios"]
[Result "1/2-1/2"]
[WhiteElo "2637"]
[BlackElo "2511"]
[PlyCount "88"]
[EventDate "2010.03.06"]
[EventType "swiss"]
[EventRounds "11"]
[EventCountry "CRO"]
[SourceDate "2010.03.06"]

1. d4 Nf6 2. c4 e6 3. Nc3 d5 4. Bg5 Be7 5. e3 h6 6. Bh4 O-O 7. cxd5 Nxd5 8.
Bxe7 Qxe7 9. Nxd5 exd5 10. Bd3 Qg5 11. Qf3 c5 12. dxc5 Nd7 13. Qf5 Qxf5 14.
Bxf5 Nxc5 15. Bc2 b6 16. Ne2 Ba6 17. Nd4 Rac8 18. Kd2 g6 19. Rac1 Kg7 20. Rhd1
Ne6 21. Nf3 d4 22. Nxd4 Nxd4 23. exd4 Rc4 24. Bb3 Rxd4+ 25. Ke3 Rxd1 26. Rxd1
Re8+ 27. Kf4 g5+ 28. Kg3 Re7 29. h4 Bc8 30. Rd2 Be6 31. Re2 Kf6 32. Bxe6 fxe6
33. hxg5+ hxg5 34. f4 gxf4+ 35. Kxf4 Rd7 36. Ke4 e5 37. Ke3 Rd1 38. Rc2 Ra1 39.
a3 Ke6 40. g4 Rg1 41. Kf3 Rf1+ 42. Ke3 Rg1 43. Kf3 Rf1+ 44. Ke3 Rg1 1/2-1/2

[Event "EU-ch (Men) 11th"]
[Site "Rijeka"]
[Date "2010.03.09"]
[Round "4.50"]
[White "Berczes, David"]
[Black "Landa, Konstantin"]
[Result "1/2-1/2"]
[WhiteElo "2510"]
[BlackElo "2635"]
[PlyCount "155"]
[EventDate "2010.03.06"]
[EventType "swiss"]
[EventRounds "11"]
[EventCountry "CRO"]
[SourceDate "2010.03.06"]

1. d4 Nf6 2. c4 e6 3. Nf3 d5 4. g3 dxc4 5. Bg2 Nc6 6. Qa4 Bb4+ 7. Bd2 Nd5 8.
Bxb4 Ndxb4 9. O-O Rb8 10. Na3 O-O 11. Qb5 b6 12. Qxc4 Ba6 13. Nb5 Qd5 14. Qxd5
Nxd5 15. a4 Na5 16. Ne5 Rbd8 17. Nxa7 Nb4 18. Rac1 Rxd4 19. Nb5 Rd2 20. Rxc7
Bxb5 21. axb5 Nd5 22. Bxd5 Rxd5 23. Nd7 Rd8 24. Rfc1 h5 25. Nxb6 Rxb5 26. Rc8
Rxc8 27. Rxc8+ Kh7 28. Nd7 Rxb2 29. Rc5 Nb7 30. Rxh5+ Kg6 31. Re5 Rd2 32. Nb6
Nd6 33. Kf1 Kf6 34. Re3 Rc2 35. Rd3 Nc4 36. Nxc4 Rxc4 37. Rd7 g5 38. h3 Rc2 39.
e3 Kg6 40. Kg2 Rb2 41. Rd8 Kg7 42. Rd4 Kg6 43. Rg4 Kf5 44. Kf3 Rc2 45. Ra4 Kg6
46. h4 gxh4 47. gxh4 Rc1 48. Rg4+ Kf6 49. Rf4+ Kg7 50. Rg4+ Kf6 51. Rg3 Rc4 52.
e4 Ke5 53. Rg4 f5 54. exf5 Rc3+ 55. Kg2 Kxf5 56. f3 e5 57. Rg5+ Kf4 58. Rg4+
Kf5 59. Rg8 Rc2+ 60. Kg3 Rc1 61. Kg2 Rc2+ 62. Kh3 Rc1 63. Kh2 Rc2+ 64. Kg3 Rc1
65. Rg5+ Kf6 66. Kh2 Rc2+ 67. Rg2 Rc3 68. Rg8 Rc2+ 69. Kh3 Rc1 70. Rg2 Kf5 71.
Rg4 Rc3 72. Kg2 Rc2+ 73. Kg3 Rc1 74. h5 Rc7 75. Kh4 Rc1 76. Kg3 Rc7 77. Rg8 Rc1
78. Rg4 1/2-1/2

[Event "EU-ch (Men) 11th"]
[Site "Rijeka"]
[Date "2010.03.09"]
[Round "4.51"]
[White "Papaioannou, Ioannis"]
[Black "Nanu, Ciprian"]
[Result "1/2-1/2"]
[WhiteElo "2630"]
[BlackElo "2505"]
[PlyCount "96"]
[EventDate "2010.03.06"]
[EventType "swiss"]
[EventRounds "11"]
[EventCountry "CRO"]
[SourceDate "2010.03.06"]

1. d4 d5 2. Nf3 c6 3. c4 Nf6 4. e3 Bf5 5. Nc3 e6 6. Nh4 Be4 7. f3 Bg6 8. Qb3
Qb6 9. Qxb6 axb6 10. Bd2 Be7 11. Nxg6 hxg6 12. Kf2 Nbd7 13. a4 Bb4 14. cxd5
exd5 15. Bd3 Rd8 16. g4 Nf8 17. Kg2 Ne6 18. Be1 Ng8 19. Bg3 Ne7 20. Na2 Bd6 21.
Bxd6 Rxd6 22. Nc3 f5 23. Ne2 O-O 24. a5 bxa5 25. Rxa5 f4 26. exf4 Nxf4+ 27.
Nxf4 Rxf4 28. Re1 Kf7 29. Ra4 Re6 30. Rxe6 Kxe6 31. Kg3 g5 32. h4 b5 33. hxg5
Rxf3+ 34. Kxf3 bxa4 35. Bc2 Kd6 36. Bxa4 Ke6 37. Ke3 Kd6 38. Bc2 Ke6 39. Kf4
Kd6 40. Bf5 Ng8 41. Bc2 Ne7 42. Bf5 Ng8 43. Ke3 Ne7 44. Kd2 Kc7 45. Kc3 Kb6 46.
Kd2 Kc7 47. Ke2 Kd6 48. Kf2 Kc7 1/2-1/2

[Event "EU-ch (Men) 11th"]
[Site "Rijeka"]
[Date "2010.03.09"]
[Round "4.52"]
[White "Makarov, Marat"]
[Black "Vuckovic, Bojan"]
[Result "0-1"]
[WhiteElo "2510"]
[BlackElo "2630"]
[PlyCount "70"]
[EventDate "2010.03.06"]
[EventType "swiss"]
[EventRounds "11"]
[EventCountry "CRO"]
[SourceDate "2010.03.06"]

1. Nf3 Nf6 2. c4 c5 3. Nc3 e6 4. e3 d5 5. d4 a6 6. dxc5 Bxc5 7. a3 O-O 8. b4
Bd6 9. Bb2 dxc4 10. Bxc4 b5 11. Bd3 Bb7 12. Ng5 Be5 13. Qc2 h6 14. Nge4 Nbd7
15. f4 Nxe4 16. Bxe4 Bxe4 17. Qxe4 Bf6 18. Ke2 Nb6 19. Rad1 Qc7 20. Rc1 Qc4+
21. Qxc4 Nxc4 22. Ba1 Nxa3 23. Ne4 Bxa1 24. Rxa1 Nc2 25. Rab1 Rfc8 26. Rb2 Rc4
27. Nd6 Rc6 28. Rd1 Kf8 29. e4 Na3 30. e5 Nc4 31. Ra2 Nxd6 32. Rxd6 Rc4 33. Kf3
Rxb4 34. Rdxa6 Rxa6 35. Rxa6 g5 0-1

[Event "EU-ch (Men) 11th"]
[Site "Rijeka"]
[Date "2010.03.09"]
[Round "4.53"]
[White "L'Ami, Erwin"]
[Black "Erdogdu, Mert"]
[Result "1-0"]
[WhiteElo "2628"]
[BlackElo "2502"]
[PlyCount "45"]
[EventDate "2010.03.06"]
[EventType "swiss"]
[EventRounds "11"]
[EventCountry "CRO"]
[SourceDate "2010.03.06"]

1. d4 Nf6 2. c4 g6 3. Nf3 Bg7 4. g3 O-O 5. Bg2 d6 6. O-O Nc6 7. Nc3 a6 8. Bf4
Rb8 9. Rc1 Bd7 10. Qd2 b5 11. Nd5 Ne4 12. Qc2 f5 13. cxb5 Rxb5 14. Nc3 Nxc3 15.
Qxc3 e5 16. dxe5 Kh8 17. a4 Ra5 18. Rfd1 dxe5 19. Nxe5 Rxe5 20. Bxc6 Rd5 21.
Rxd5 Bxc3 22. Rxc3 Rf7 23. Rcd3 1-0

[Event "EU-ch (Men) 11th"]
[Site "Rijeka"]
[Date "2010.03.09"]
[Round "4.54"]
[White "Sebenik, Matej"]
[Black "Drozdovskij, Yuri"]
[Result "1/2-1/2"]
[WhiteElo "2504"]
[BlackElo "2627"]
[PlyCount "51"]
[EventDate "2010.03.06"]
[EventType "swiss"]
[EventRounds "11"]
[EventCountry "CRO"]
[SourceDate "2010.03.06"]

1. d4 Nf6 2. c4 e6 3. g3 d5 4. Nf3 dxc4 5. Bg2 c5 6. O-O Nc6 7. Ne5 Bd7 8. Na3
cxd4 9. Naxc4 Be7 10. Bf4 Rc8 11. Qb3 Nd5 12. Qxb7 Nxe5 13. Nxe5 Nxf4 14. gxf4
Rc7 15. Qe4 Bc5 16. Rac1 Bb6 17. Nxd7 Rxd7 18. f5 O-O 19. fxe6 fxe6 20. Qxe6+
Kh8 21. Kh1 Rd6 22. Qe4 Rdf6 23. Rc6 Rxf2 24. Rxf2 Rxf2 25. Bh3 Rf8 26. Rc8
1/2-1/2